| Tag |
First Indicator |
Second Indicator |
Subfields |
| LEADER |
00000cam a2200000 4500 |
| 001 |
in00000066061 |
| 005 |
20151008051242.0 |
| 008 |
750729s1953 nyu b 00000 eng u |
| 010 |
|
|
|a 53012367
|
| 035 |
|
|
|a (OCoLC)01485528
|
| 035 |
|
|
|9 AAG6763AM
|
| 040 |
|
|
|c DZM
|d TXA
|d UtOrBLW
|
| 049 |
|
|
|a TXAM
|c [276685]
|
| 050 |
|
0 |
|a JF51
|b .O45 1953
|
| 092 |
|
|
|a 342.4
|b O34m, 1953
|
| 100 |
1 |
|
|a Ogg, Frederic Austin,
|d 1878-1951.
|
| 245 |
1 |
0 |
|a Modern foreign governments /
|c by Frederic A. Ogg and Harold Zink.
|
| 250 |
|
|
|a Rev. ed.
|
| 264 |
|
1 |
|a New York :
|b Macmillan,
|c [1953]
|
| 264 |
|
4 |
|c [©1953]
|
| 300 |
|
|
|a 1005 pages ;
|c 22 cm.
|
| 336 |
|
|
|a text
|b txt
|2 rdacontent
|
| 337 |
|
|
|a unmediated
|b n
|2 rdamedia
|
| 338 |
|
|
|a volume
|b nc
|2 rdacarrier
|
| 504 |
|
|
|a Bibliographical footnotes.
|
| 650 |
|
0 |
|a Political science.
|
| 651 |
|
0 |
|a Europe
|x Politics and government.
|
| 700 |
1 |
|
|a Zink, Harold,
|d 1901-1962.
|
| 999 |
|
|
|a MARS
|
| 999 |
f |
f |
|s b0978930-a1fc-3a3d-bc1b-cd9a57565e9e
|i 3b8a6645-e0d3-315b-9340-a898f027fcca
|t 0
|
| 952 |
f |
f |
|p ric
|a Texas A&M University
|b Rellis Campus
|c Joint Library Facility
|d Remote Storage
|t 0
|e JF51 .O45 1953
|h Library of Congress classification
|i unmediated -- volume
|m A14800786263
|
| 998 |
f |
f |
|a JF51 .O45 1953
|t 0
|l Remote Storage
|